000
00297nam a22001217a 4500
008
230619b xxu||||| |||| 00| 0 eng d
082
_a
255.7
_b
KIT
100
_c
Glenn D. Kittler
245
_a
The White Fathers
260
_a
London
_b
W. H. Allen & Co. Ltd
_c
1957
300
_a
319p
942
_2
ddc
_c
BK
999
_c
1262
_d
1262